Religión y nacionalismo: la doctrina luterana de los dos reinos como teología civil
Saved in:
| Hovedforfatter: | |
|---|---|
| Format: | Bog |
| Sprog: | spansk |
| Udgivet: |
Salamanca
Universidad Pontificia de Salamanca: Biblioteca de la Caja de Ahorros y M. de P. de Salamanca
1982
|
| Serier: | Universidad Pontificia de Salamanca, España. Bibliotheca Salmanticensis. Estudios, 51
|
| Fag: | |
| Tags: |
Tilføj Tag
Ingen Tags, Vær først til at tagge denne postø!
|
MARC
| LEADER | 00000nam a2200000 a 4500 | ||
|---|---|---|---|
| 001 | UCX5073 | ||
| 003 | CL-VaPUC | ||
| 008 | 920908e19820000SP |||||||||||||||||spa|d | ||
| 082 | 0 | 4 | |a 284.1 |b GON |2 21 |
| 100 | |a González Montes, Adolfo |e author |9 593051 | ||
| 245 | 1 | 0 | |a Religión y nacionalismo: la doctrina luterana de los dos reinos como teología civil |
| 300 | |a 294 p | ||
| 942 | |c BK | ||
| 945 | |d 19920908 00:00:00 | ||
| 260 | |a Salamanca |b Universidad Pontificia de Salamanca: Biblioteca de la Caja de Ahorros y M. de P. de Salamanca |c 1982 | ||
| 650 | 7 | |a DOS REINOS TEOLOGIA LUTERANA |2 CL-VaPUC |9 321386 | |
| 650 | 7 | |a DERECHO Y EVANGELIO |2 CL-VaPUC |9 321387 | |
| 650 | 7 | |a SOCIOLOGIA CRISTIANA LUTERANA |2 CL-VaPUC |9 321388 | |
| 650 | 0 | |a Cristianismo y política |9 255890 | |
| 650 | 7 | |a IGLESIA LUTERANA DOCTRINAS |2 CL-VaPUC |9 321389 | |
| 583 | |a last modification |c 19920908 00:00:00 |k Rodrigo Vera | ||
| 490 | 0 | |a Universidad Pontificia de Salamanca, España. Bibliotheca Salmanticensis. Estudios, 51 | |
| 999 | |c 225418 |d 225416 | ||
| 952 | |0 0 |1 0 |4 0 |6 284_100000000000000_GON_1982 |7 0 |8 A |9 222918 |a BIBEDU |b BIBEDU |d 2019-11-15 |i 2917130 |o 284.1 GON 1982 |p 2917130 |r 2019-11-15 |w 2019-11-15 |y BK |k FIL | ||